Geografia Azji na literę B - Statystyki

Ogólne statystyki
  • Ten quiz został rozwiązany 152 razy
  • Średni wynik to 13 z 22
Statystyki odpowiedzi
Wskazówka Odpowiedź % Poprawnych
Stolica Tajlandii Bangkok
92%
Stolica Azerbejdżanu Baku
87%
Małe himalajskie państwo Bhutan
87%
Najgłębsze jezioro świata Bajkał
85%
Inna nazwa dla Mjanmy Birma
82%
Dawna nazwa dla Mumbaju Bombaj
80%
Stolica Iraku Bagdad
79%
Stolica Libanu Bejrut
79%
Indonezyjska wyspa, która często jest punktem wakacyjnym Bali
76%
Wiele z największych posągów w Azji przedstawia tę postać Budda
76%
... oraz 1% do tego państwa Brunei
72%
Cieśnina między Rosją a Alaską Cieśnina {Beringa}
69%
Wyspa, której 73% powierzchni należy do Indonezji, a 26% do Malezji Borneo
68%
75% tego kraju leży na wysokości 4,88 m.n.p.m. bądź niższej Bangladesz
61%
Zatoka, do którego wpływa Ganges Zatoka {Bengalska}
58%
Stolica Kirgistanu Biszkek
57%
Termin oznaczający targowisko głównie na Bliskim Wschodzie Bazar
42%
Drugie największe miasto Korei Południowej Busan
29%
Starożytna stolica, która leżała niedaleko obecnych terenów powyższego Babilonia
28%
Cieśnina dzieląca Azję z Europą oraz sam Stambuł Cieśnina {Bosfora}
24%
Góra leżąca na granicy rosyjsko-kazachskiej w Górach Katuńskich o wysokości 4506 m.n.p.m. Biełucha
3%
Nizina w Rosji i Kazachstanie, w południowej części Niziny Zachodniosyberyjskiej Nizina {Barmańska}
0%
Nie znaleziono quizów pasujących do podanych kryteriów
Rozkład punktacji
Procent ludzi z każdym wynikiem
Percentyl według liczby udzielonych odpowiedzi
Twoja historia wyników
Nie rozwiązałeś tego quizu